<?xml version="1.0" encoding="UTF-8"?>
<collection xmlns="http://www.loc.gov/MARC21/slim">
  <record>
    <leader>00000nam  2200000   4500</leader>
    <controlfield tag="001">INLIS000000000008972</controlfield>
    <controlfield tag="005">20200710102318</controlfield>
    <datafield tag="035" ind1="#" ind2="#">
      <subfield code="a">0010-0720000063</subfield>
    </datafield>
    <controlfield tag="007">ta</controlfield>
    <controlfield tag="008">200710################g##########0#ind##</controlfield>
    <datafield tag="020" ind1="#" ind2="#">
      <subfield code="a">9794034061</subfield>
    </datafield>
    <datafield tag="082" ind1="#" ind2="#">
      <subfield code="a">320</subfield>
    </datafield>
    <datafield tag="084" ind1="#" ind2="#">
      <subfield code="a">320 dji</subfield>
    </datafield>
    <datafield tag="245" ind1="#" ind2="#">
      <subfield code="a">Jurnal Ilmu Politik 3 /</subfield>
      <subfield code="c">Soedjati Djiwandono (Dewan Redaksi)</subfield>
    </datafield>
    <datafield tag="250" ind1="#" ind2="#">
      <subfield code="a">ed.3</subfield>
    </datafield>
    <datafield tag="260" ind1="#" ind2="#">
      <subfield code="a">Jakarta :</subfield>
      <subfield code="b">PT. Gramedia,</subfield>
      <subfield code="c">1988</subfield>
    </datafield>
    <datafield tag="300" ind1="#" ind2="#">
      <subfield code="a">vii, 99 hal. :</subfield>
      <subfield code="b">ilus ;</subfield>
      <subfield code="c">24 cm</subfield>
    </datafield>
    <datafield tag="650" ind1="#" ind2="#">
      <subfield code="a">Sosial-politik</subfield>
    </datafield>
    <datafield tag="700" ind1=" " ind2="#">
      <subfield code="a">Santoso, Amir</subfield>
    </datafield>
    <datafield tag="520" ind1="#" ind2="#">
      <subfield code="a">Jurnal Ilmu Politik merupakan salah satu kegiatan Asosiasi Ilmu Politik (AIPI) untuk mengembangkan dan menyebarluaskan ilmu politik, ilmu hubungan internasional, dan ilmu pemerintahan. Jurnal ini dapat dijadikan wadah atau forum saling tukar pandangan dan informasi antara cendikiawan, sarjana, dan peminat serius masalah ilmu politik sebagai bentuk pengabdian kepada nusa dan bangsa. Sekaligus mendorong para sarjana dan cendikiawan untuk mengebangkandan meningkatkan penulisan ilmiah di bidang politik, baik secara kuantitatif maupun kualitatif.</subfield>
    </datafield>
    <datafield tag="856" ind1="#" ind2="#">
      <subfield code="a">Perpustakaan Lembaga Administrasi Negara</subfield>
    </datafield>
    <datafield tag="990" ind1="#" ind2="#">
      <subfield code="a">02116760</subfield>
    </datafield>
  </record>
</collection>
